000 00349 a2200157 4500
001 71931
020 _a8526703471
040 _cAnchieta - Colégio São Paulo
100 _aPaccalet, Y.
240 1 0 _aA selva de Coral
_lpor
245 1 0 _aA selva de Coral
300 _a48
362 0 _a1991
650 4 _aLiteratura infanto-juvenil
942 _cBK
999 _c71931
_d71931